Apex Legends Abilities - Statistics

General Stats
  • This quiz has been taken 290 times
    70 since last reset
  • The average score is 11 of 48
Answer Stats
Hint Answer % Correct
Ash Tactical Arc Snare
69%
Bangalore Tactical Smoke Launcher
51%
Crypto Ultimate Drone EMP
49%
Octane Tactical Stim
49%
Fuse Tactical Knuckle Cluster
47%
Horizon Ultimate Black Hole
44%
Loba Ultimate Black Market Boutique
44%
Pathfinder Tactical Grappling Hook
42%
Octane Ultimate Launch Pad
42%
Pathfinder Ultimate Zipline Gun
40%
Lifeline Ultimate Care Package
36%
Caustic Tactical Nox Gas Trap
36%
Horizon Tactical Gravity Lift
33%
Caustic Ultimate Nox Gas Grenade
33%
Ash Ultimate Phase Breach
31%
Rampart Ultimate Sheila
31%
Lifeline Tactical D.O.C. Heal Drone
29%
Fuse Ultimate Motherlode
29%
Wraith Ultimate Dimensional Rift
27%
Mirage Tactical Psyche Out
27%
Bangalore Ultimate Rolling Thunder
24%
Mad Maggie Tactical Riot Drill
22%
Catalyst Ultimate Dark Veil
18%
Wraith Tactical Into the Void
18%
Ballistic Tactical Whistler
18%
Rampart Tactical Amped Cover
16%
Bloodhound Tactical Eye of the Allfather
16%
Mirage Ultimate Life of the Party
16%
Wattson Tactical Perimeter Security
16%
Crypto Tactical Surveillance Drone
16%
Ballistic Ultimate Tempest
16%
Mad Maggie Ultimate Wrecking Ball
16%
Bloodhound Ultimate Beast of the Hunt
13%
Gibraltar Ultimate Defensive Bombardment
13%
Gibraltar Tactical Dome of Protection
13%
Valkyrie Tactical Missile Swarm
13%
Loba Tactical Burglar's Best Friend
11%
Wattson Ultimate Interception Pylon
9%
Newcastle Tactical Mobile Shield
9%
Newcastle Ultimate Castle Wall
7%
Vantage Tactical Echo Relocation
7%
Vantage Ultimate Sniper's Mark
7%
Valkyrie Ultimate Skyward Dive
4%
Seer Ultimate Exhibit
4%
Revenant Ultimate Forged Shadows
4%
Catalyst Tactical Piercing Spikes
4%
Seer Tactical Focus of Attention
2%
Revenant Tactical Shadow Pounce
2%
No matching quizzes found
Score Distribution
Percent of People with Each Score
Percentile by Number Answered
Your Score History
You have not taken this quiz since the last reset